| 000 | 00781cam a2200217 4500 | ||
|---|---|---|---|
| 001 | WB3611-28 | ||
| 008 | 000000n2000 000 0 eng u | ||
| 035 | _a(Sirsi) u104838 | ||
| 245 | _aNew Property Vehicle will boost investment | ||
| 260 | _c2000 | ||
| 490 |
_aRICS Press Release _v(023) 8 March 2000 (2) |
||
| 520 | _aNew research published by the RICS, and other bodies including the British Property Federation, indicates the economic benefits to be obtained from securitised vehicles for property investment and urges government to investigate their potential. | ||
| 590 | _aWB | ||
| 650 | _aRICS | ||
| 650 | _aBPF | ||
| 650 | _aSECURITISED VEHICLES | ||
| 650 | _aPROPERTY INVESTMENT | ||
| 650 | _aPROPERTY SECURITISATION | ||
| 690 | _aINVESTMENT | ||
| 942 | _n0 | ||
| 999 |
_c62891 _d62891 |
||